000 00270nam a22001097a 4500
082 _a030
_bKNA/S-3
100 _aKNAPP,BRIAN
245 _aSCIENCE IN OUR WORLD : SOUNDS AND MUSIC
260 _aUK
_bATLANTIC EUROPE PUBLISHING
650 _aGENERAL KNOWLEDGE
_zUK
942 _cBK
999 _c1981
_d1981